Warrior cats B names - Statistics

General Stats
  • This quiz has been taken 24 times
    21 since last reset
  • The average score is 35 of 117
Answer Stats
% Correct
BeeCotp
86%
BeeDotc
86%
Bramble
86%
Brambleclaw
86%
Bluestar
79%
Bracken
79%
Birch
71%
Bird that rides the wind
71%
Blossom
71%
Blossomfall
71%
Brindleface
71%
Birchfall
64%
Brackenfur
64%
Brambleberry
64%
Bristlefrost
64%
Bumble
64%
Bumblestripe
64%
Berrynose
57%
Blackclaw
57%
Blackstar
57%
Brokenstar
57%
Barley
50%
Beech
50%
Beetle
50%
Beetlewhisker
50%
Berryheart
50%
BirchstarRc
50%
BirchstarSkc
50%
BirchstarWc
50%
Brightheart
50%
BeechfurRc
43%
BeechfurTc
43%
Birdsong
43%
Breezepelt
43%
Breeze that rustles the leaves
43%
Briarlight
43%
Bristleclaw
43%
Brook where small fish swim
43%
Beesting
36%
Beetail
36%
Bella
36%
Birdwing
36%
Blossomheart
36%
Bone
36%
Boulder
36%
Brackenfoot
36%
Badgerfang
29%
Barkface
29%
Bayshine
29%
Beenose
29%
Bellaleaf
29%
Birchface
29%
Brackenheart
29%
Brackenpelt
29%
Brackenwing
29%
Brownpaw
29%
Bailey
21%
Beechstar
21%
Beech tail
21%
Beetlenose
21%
Birdflight
21%
Blazefire
21%
Blizzardwing
21%
Breezeheart
21%
Bright stream
21%
Brindlestar
21%
Bubbling stream
21%
Buzzardstar
21%
Beechkit
14%
Beechpaw
14%
Beetleshine
14%
Benny
14%
Billystorm
14%
Birdy
14%
Blizzardstar
14%
Bloomheart
14%
Blossomkit
14%
Bluebellkit
14%
Blue whisker
14%
Bouncefire
14%
BranchDotc
14%
BranchHj
14%
Brightflower
14%
Bug
14%
Buster
14%
Buzzardkit
14%
Bacon
7%
Beach
7%
Betsy
7%
Bigteeth
7%
Birchbark
7%
Birchfeather
7%
Blackbee
7%
Black ear
7%
Bob
7%
Brandy
7%
Brindleclaw
7%
Brindlewing
7%
Bristlebark
7%
Brushpaw
7%
Bugeater
7%
Berryfall
0%
Bess
0%
Blade
0%
Bloompetal
0%
Boots
0%
Boulderfur
0%
Branchleap
0%
Brick
0%
Brightsky
0%
Brightspirit
0%
Brightwhisker
0%
Broken feather
0%
Broken shadow
0%
Brookripple
0%
Burr
0%
Buttercup
0%
No matching quizzes found
Score Distribution
Percent of People with Each Score
Percentile by Number Answered
Your Score History
You have not taken this quiz since the last reset